| 000 | 01828cam a22003253a 4500 | ||
|---|---|---|---|
| 001 | 1864 | ||
| 003 | PGUSA | ||
| 005 | 20140828083007.0 | ||
| 008 | 990801s1999||||xxu|||||s|||||000 | eng d | ||
| 040 |
_aPGUSA _beng |
||
| 042 | _adc | ||
| 050 | 4 | _aE151 | |
| 100 | 1 |
_aLodge, Henry Cabot, _d1850-1924 |
|
| 245 | 1 | 0 |
_aHero Tales from American History _h[electronic resource] / _cHenry Cabot Lodge |
| 260 |
_bProject Gutenberg, _c1999 |
||
| 505 | 0 | _aGeorge Washington -- Daniel Boone and the founding of Kentucky -- George Rogers Clark and the conquest of the Northwest -- The battle of Trenton -- Bennington -- King's Mountain -- The storming of Stony Point -- Gouverneur Morris -- The burning of the "Philadelphia" -- The cruise of the "Wasp" -- The "General Armstrong" privateer -- The battle of New Orleans -- John Quincy Adams and the right of petition -- Francis Parkman -- "Remember the Alamo" -- Hampton roads -- The flag -- The death of Stonewall Jackson -- The charge at Gettysburg -- General Grant and the Vicksburg campaign -- Robert Gould Shaw -- Charles Russell Lowell -- Sheridan at Cedar Creek -- Lieutenant Cushing and the ram "Albemarle" -- Farragut at Mobile Bay -- Lincoln. | |
| 506 | _aPublic domain in the USA. | ||
| 516 | _aElectronic text | ||
| 653 | _aGenerals -- United States -- Biography -- Anecdotes | ||
| 653 | _aUnited States -- Biography | ||
| 653 | _aUnited States -- Biography -- Anecdotes | ||
| 653 | _aUnited States -- History | ||
| 653 | _aUnited States -- History -- Anecdotes | ||
| 653 | _aNational characteristics, American -- Anecdotes | ||
| 653 | _aHeroes -- United States -- Biography -- Anecdotes | ||
| 653 | _aPioneers -- United States -- Biography -- Anecdotes | ||
| 830 | 0 |
_aProject Gutenberg _v1864 |
|
| 856 | 4 | 0 | _uhttp://www.gutenberg.org/ebooks/1864 |
| 942 | _cEB | ||
| 999 |
_c231207 _d231207 |
||